000 00549nam a2200229Ia 4500
003 OSt
005 20220916111033.0
006 a|||||r|||| 00| 0
007 ta
008 220915b |||||||| |||| 00| 0 eng d
024 _a124631
037 _cTextbook
040 _beng
_aARTS
_cARTS
041 _aeng
082 _aV671RS:1:N5, J2;K9
100 _aSchonfield H J
245 0 _aSchonfield
260 _c1969
650 _aHISTORY
942 _hV671RS:1:N5, J2;K9
_cTB
_2CC
999 _c104114
_d104114